Countries in the 2022 FIFA World Cup - Statistics

General Stats
  • This quiz has been taken 18 times
  • The average score is 27 of 30
Answers on the Map
Answers color-coded by a green-red scale on the quiz's map according to % correct below.
 
Answer Stats
Answer % Correct
Argentina
100%
Australia
100%
Brazil
100%
Canada
100%
Ecuador
100%
France
100%
Germany
100%
Japan
100%
Mexico
100%
Morocco
100%
South Korea
100%
USA
100%
Portugal
94%
Senegal
94%
Spain
94%
Belgium
88%
Denmark
88%
Ghana
88%
Netherlands
88%
Saudi Arabia
88%
Switzerland
88%
Uruguay
88%
Iran
81%
Poland
81%
Qatar
81%
Cameroon
75%
Croatia
75%
Costa Rica
69%
Tunisia
63%
Serbia
56%
No matching quizzes found
Score Distribution
Percent of People with Each Score
Percentile by Number Answered
Your Score History
You have not taken this quiz